逆時偵查 . 未來之光 . 3

資料類型: Book 圖書   書目號:56287

Leader xxxxxxxxxx
001 __ PCLIS00056287
005 __ 20221109145558.0
010 0_ |a978-986-489-629-5|b平裝|dNT$350
100 __ |a20221028d2022    m  y0chiy09      e
101 0_ |achi
102 __ |atw
105 __ |ay   z   000ay
200 1_ |a逆時偵查|e|h3|i未來之光|f張小貓著
205 __ |a初版
210 __ |a臺北市|c漫遊者文化|d2022.05[民111]
215 0_ |a318面|c|d21公分
225 2_ |aFiction小說|v
300 __ |a
410 _0 |12001 |aFiction小說
517 1_ |a未來之光|zchi
606 __ |2cst|a長篇小說
606 __ |2cst|a推理小說
606 __ |2cst|a科幻小說
681 __ |a857.8|b8746
681 __ |a857.7|b8746
700 _0 |a張小貓|b|4702 __ |a|b|4
801 _0 |atw|b內湖高中|c20221028|gCCR
  
詳細館藏(共 1 筆)
索 書 號登 錄 號冊次號館別 / 館藏地流通類型狀態加入預約清單電子資源
857.8 / 8746 1027675 v.3 圖書館 / 一樓普通區 可外借30天 在館   

| 條列資料




目錄查詢 分類查詢 個人資料 圖書薦購 新書查詢 閉館日 排行榜 更多電子資源 Hami書城 線上資料庫 登出

From : 216.73.217.87

  本日流通累計至 21:52:55 借閱 : 1 次 續借 : 0 次 歸還 : 2 次 預約 : 0 次 電子資源 : 0 次


內湖高中圖書館  PCLIS 版本  26.5.0.12